Folk Tales & Fables of Europe
| Format: | Book |
|---|---|
| Published: |
Great Britain :
Dragon's World ,
1992
|
| Subjects: |
MARC
| LEADER | 00000cam a2200000 7i4500 | ||
|---|---|---|---|
| 001 | 0000003320 | ||
| 002 | 000003583 | ||
| 005 | 20000330.0 | ||
| 020 | |a 1850281619 | ||
| 090 | 0 | 0 | |a 398.2 |b ING |
| 245 | 1 | 0 | |a Folk Tales & Fables of Europe |c Robert Ingpen |
| 260 | |a Great Britain : |b Dragon's World , |c 1992 | ||
| 300 | |a 92p. ; |c 28cm. | ||
| 650 | 0 | 0 | |a Folk Tales |
| 999 | |a 036905 |b BUKU |c PINJAMAN |e PERPUSTAKAAN KOMUNITI PETALING JAYA | ||